00574nam a2200193 a 4500001001300000003000900013005001700022008004100039020002300080082001700103100002700120245007700147260003500224300000900259500003500268505002400303650002600327700002700353nice12345678IN_TiNIC20260116014530.0110804s2011 dela grp 000 0 eng  a9788178242989c69500a294.577bCHA aChakraborty, Chandrima aMasculinity, Asceticism, Hinduismb Past and Present Imaginings of India aDelhi bPermanent Black c2011 a263p aincludes index and biblioraphy2 aBibliography, Index aHinduism and Politics1 aChakraborty, Chandrima